Movies Quiz

Random Movies or Oscar Quiz

Best Picture per Letter Quiz Stats

Quiz Updated Sep 15, 2017

Challenge
Share
Tweet
Embed
Score 0/21 Timer 04:00
5 Plays Today
Letter Best Picture % Correct
GGandhi...
83.8%
CCasablanca...
76.3%
SSchindler's List...
72.2%
TTerms of Endearment...
70%
AAll Quiet on the Western Front...
68%
BA Beautiful Mind...
60.5%
DDances with Wolves...
58%
HHamlet...
56.9%
FForrest Gump...
55.6%
LThe Last Emperor...
53.2%
OOliver!...
53.1%
Letter Best Picture % Correct
MA Man for All Seasons...
49.2%
KThe King's Speech...
43.8%
RRain Man...
42.5%
NNo Country for Old Men
42%
PPatton...
36.2%
UUnforgiven
36.2%
WWest Side Story...
34.1%
IIn the Heat of the Night...
26%
EThe English Patient
25.5%
YYou Can't Take It with You
16.1%

You're not logged in!

Compare scores with friends on all Sporcle quizzes.
Sign Up with Email
OR
Log In

You Might Also Like...

Show Comments

Extras

Top Quizzes Today


Score Distribution

Your Account Isn't Verified!

In order to create a playlist on Sporcle, you need to verify the email address you used during registration. Go to your Sporcle Settings to finish the process.